000 00785nam a2200289 a 4500
003 AR-BaBNM
005 20251128203630.0
008 082120s2002 ||||||||||||||000 | spa||
040 _cAR-BaBNM
245 0 0 _aAntología de la moderna poesía venezolana
_n1
260 _aCaracas
_bImpresores Unidos
_c1940
300 _a325 p.
490 0 _aBiblioteca venezolana de cultura. Antologías
650 4 _aLITERATURA LATINOAMERICANA
650 4 _aANTOLOGIAS
650 4 _aPOESIA
650 4 _aESCRITORES
650 4 _aARTE DE VANGUARDIA
653 _aLITERATURA VENEZOLANA
653 _aMODERNISMO
653 _aNATIVISMO
655 _aLITERATURA
700 1 _aD'Sola, Otto
_ecompilador
700 1 _aPicón-Salas, Mariano
_eprologuista
942 _cBK
998 _cMARTIN
999 _c4243
_d4243